000 00994nam a2200337Ia 4500
008 181129s9999 xx 000 0 und d
020 _a9789715697897
050 _bM311 2014
100 _aMaranan, Luchie B.
245 2 _aA voice of hope in a time of darkness :
245 4 _bthe songs of Susan Fernandez-Magno /
245 0 _cby Luchie B. Maranan ; illustrated by Shan Maurice Jose.
260 _aMakati, Philippines :
260 _bBookmark,
260 _c2014
300 _aunpaged :
300 _bcolor illustrations ;
300 _c25cm.
440 _aModern heroes for the Filipino youth.
650 _aMagno, Susan Fernandezz, 1956-2009.
650 _aPhilippine literature for kids.
650 _aPopular music --
650 _aPopular music --
650 _aSingers --
650 _xPhilippines -- Biography.
650 _xPolitical aspects.
650 _xSocial aspects.
700 _aJose, Shan Maurice.
700 _aSeries.
700 _aTitle.
999 _c360213
_d360213